Szczegóły MARC21

Der Augenarzt. Bd. 7, [Humangenetik, Erbpatologie, Stoffwechselleiden] /

003 -Nazwa inst., której nr kontr. jest w polu 001 [,]
    • @
    • Nazwa instytucji, której n kontrolny jest w polu 001
    • NUKAT
005 -DATA I CZAS OSTATNIEJ MODYFIKACJI [,]
    • @
    • pole kontrolne
    • 20241231101806.0
040 -Instytucja sporządzająca opis [ , ]
    • a
    • Instytucja, która sporządziła opis (NP)
    • SZCZ U/KP
    • c
    • Instytucja, która sporządziła rekord (NP)
    • SZCZ U/KPs
942 -Rodzaj dokumentu [ , ]
    • c
    • Rodzaj dokumentu
    • Książka
245 -Strefa tytułu i oznaczenia odpowiedzialności [0,4]
    • a
    • Tytuł
    • Der Augenarzt. Find
    • n
    • Oznaczenie części (P)
    • Bd. 7,
    • p
    • Nazwa części (P)
    • [Humangenetik, Erbpatologie, Stoffwechselleiden] /
    • c
    • Pozostałe elementy strefy tytułu i oznaczenia odpowiedzialności (NP)
    • hrsg. von Karl Velhagen ; mit Beiträgen von H. Rieger, S. Richter, M. Tost, P. Grützner, A. Franceschetti, W. Lisch, K. Ullerich, J. Wollensak, F. Vogel.
250 -Strefa wydania [ , ]
    • a
    • Oznaczenie wydania (NP)
    • 2., ergänzte und überarbeitete Aufl.
260 -Strefa adresu wydawniczego [ , ]
    • a
    • Miejsce wydania (P)
    • Leipzig :
    • b
    • Nazwa wydawcy (P)
    • Veb Georg Thieme Leipzig,
    • c
    • Data wydania (P)
    • 1981.
300 -Strefa opisu fizycznego [ , ]
    • a
    • Określenie formy książki i/lub objętość (NP)
    • 868 s. :
    • b
    • Oznaczenie ilustracji (NP)
    • il. ;
    • c
    • Format (NP)
    • 25 cm.
336 -Typ zawartości [ , ]
    • a
    • Termin opisujący typ zawartości
    • Tekst
    • b
    • Kod określający zawartość
    • txt
    • 2
    • Źródło (terminu i kodu)
    • rdacontent
337 -Typ mediów [ , ]
    • a
    • Tryb odtwarzania
    • Bez urządzenia pośredniczącego
    • b
    • Kod typu mediów
    • n
    • 2
    • Źródło (terminu i kodu)
    • rdamedia
338 -Typ/rodzaj nośnika [ , ]
    • a
    • Hasło opisujące typ nośnika
    • Wolumin
    • b
    • Kod typu nośnika
    • nc
    • 2
    • Źródło (terminu i kodu)
    • rdacarrier
500 -Uwaga ogólna [ , ]
    • a
    • Uwaga ogólna (NP)
    • Na s. tyt.: Mit 132 Abbildungen und 29 Tabellen.
504 -Uwaga dot. bibliogr. załącznikowej [ , ]
    • a
    • Uwaga dot. bibliografii załącznikowej
    • Bibliogr. po rozdz. Indeksy.
650 -Hasło przedmiotowe [ ,7]
    • a
    • Hasło przedmiotowe
    • Głowa
    • x
    • Określnik rzeczowy
    • wady rozwojowe
    • x
    • Określnik rzeczowy
    • chirurgia.
    • 2
    • Źródło terminu
    • kaba
    • 9
    • KHW
    • 416991
650 -Hasło przedmiotowe [ ,7]
    • a
    • Hasło przedmiotowe
    • Oko
    • x
    • Określnik rzeczowy
    • choroby
    • x
    • Określnik rzeczowy
    • aspekt genetyczny.
    • 2
    • Źródło terminu
    • kaba
    • 9
    • KHW
    • 416990
700 -Hasło dodatkowe - nazwa osobowa [1, ]
    • a
    • Nazwa osobowa (NP)
    • Velhagen, Karl Find
    • d
    • Daty biograficzne (NP)
    • (1897-1990).
    • e
    • Określenie rodzaju współpracy
    • Red.
    • 9
    • KHW
    • 416906
700 -Hasło dodatkowe - nazwa osobowa [1, ]
    • a
    • Nazwa osobowa (NP)
    • Richter, Suzanne. Find
    • 9
    • KHW
    • 416912
700 -Hasło dodatkowe - nazwa osobowa [1, ]
    • a
    • Nazwa osobowa (NP)
    • Grützner, Peter. Find
    • 9
    • KHW
    • 416913
700 -Hasło dodatkowe - nazwa osobowa [1, ]
    • a
    • Nazwa osobowa (NP)
    • Vogel, Friedrich Find
    • d
    • Daty biograficzne (NP)
    • (1925- ).
    • 9
    • KHW
    • 60370
700 -Hasło dodatkowe - nazwa osobowa [1, ]
    • a
    • Nazwa osobowa (NP)
    • Rieger, Herwigh Find
    • d
    • Daty biograficzne (NP)
    • (1898-1986).
    • 9
    • KHW
    • 416911
700 -Hasło dodatkowe - nazwa osobowa [1, ]
    • a
    • Nazwa osobowa (NP)
    • Tost, Manfred Find
    • d
    • Daty biograficzne (NP)
    • (1930- ).
    • 9
    • KHW
    • 416910
700 -Hasło dodatkowe - nazwa osobowa [1, ]
    • a
    • Nazwa osobowa (NP)
    • Franceschetti, Albert Find
    • d
    • Daty biograficzne (NP)
    • (1940- ).
    • 9
    • KHW
    • 416914
700 -Hasło dodatkowe - nazwa osobowa [1, ]
    • a
    • Nazwa osobowa (NP)
    • Lisch, Walter. Find
    • 9
    • KHW
    • 416917
700 -Hasło dodatkowe - nazwa osobowa [1, ]
    • a
    • Nazwa osobowa (NP)
    • Ullerich, Klaus Find
    • d
    • Daty biograficzne (NP)
    • ( -2005).
    • 9
    • KHW
    • 416916
700 -Hasło dodatkowe - nazwa osobowa [1, ]
    • a
    • Nazwa osobowa (NP)
    • Wollensak, Josef Find
    • d
    • Daty biograficzne (NP)
    • (1928-2002).
    • 9
    • KHW
    • 416915
710 -Hasło dodatkowe - nazwa ciała zbiorowego [2, ]
    • a
    • Nazwa ciała zbiorowego lub nazwa geograficzna jako pierwszy element (NP)
    • Georg Thieme (Lipsk).
    • 4
    • Kod relacji
    • pbl
    • 9
    • KHW
    • 412359
Obwoluta Data inwentaryzacji Lokalizacja Sygnatura Numer inwentarzowy Status udost.
12015-07-29BGN.21066N.210661